000 00601nam a2200229Ia 4500
003 OSt
005 20220918200343.0
006 a|||||r|||| 00| 0
007 ta
008 220917b |||||||| |||| 00| 0 eng d
024 _a88,446
037 _cTextual
040 _aARTS
_cARTS
_beng
041 _2eng
_aeng
082 _aT4h73:K54, G6
100 _aMorison Samuel Eliot
_993741
245 0 _aHarvard college in the seventeenth century
260 _c1936
650 _aHIGHER EDUCATION
942 _hT4h73:K54, G6
_cTEXL
_2CC
999 _c212134
_d212134